|
|
|
|
| LEADER |
03172nam a2200757 4500 |
| 001 |
ocn826638897 |
| 003 |
OCoLC |
| 005 |
20170124070744.6 |
| 006 |
m o d |
| 007 |
cr cnu|||unuuu |
| 008 |
130204s2013 gw ob 001 0 eng d |
| 040 |
|
|
|a DG1
|b eng
|e pn
|c DG1
|d YDXCP
|d E7B
|d NOC
|d COO
|d UKMGB
|d TEFOD
|d OCLCF
|d UKDOC
|d OCLCO
|d UAB
|d OCLCQ
|d N$T
|d OCLCO
|d OCLCQ
|d OCLCO
|d GrThAP
|
| 016 |
7 |
|
|a 016187092
|2 Uk
|
| 019 |
|
|
|a 868315149
|
| 020 |
|
|
|a 9783527667390
|q (electronic bk.)
|
| 020 |
|
|
|a 3527667393
|q (electronic bk.)
|
| 020 |
|
|
|a 9783527667420
|q (electronic bk.)
|
| 020 |
|
|
|a 3527667423
|q (electronic bk.)
|
| 020 |
|
|
|a 9783527667413
|q (electronic bk.)
|
| 020 |
|
|
|a 3527667415
|q (electronic bk.)
|
| 020 |
|
|
|z 9783527334094
|
| 020 |
|
|
|z 3527334092
|
| 020 |
|
|
|z 9783527667406
|
| 020 |
|
|
|z 3527667407
|
| 020 |
|
|
|z 9781299157248
|
| 020 |
|
|
|z 1299157246
|
| 029 |
1 |
|
|a AU@
|b 000050767324
|
| 029 |
1 |
|
|a DEBBG
|b BV041070328
|
| 029 |
1 |
|
|a DEBBG
|b BV041829509
|
| 029 |
1 |
|
|a NLGGC
|b 370172590
|
| 029 |
1 |
|
|a NZ1
|b 15340134
|
| 035 |
|
|
|a (OCoLC)826638897
|z (OCoLC)868315149
|
| 041 |
1 |
|
|a eng
|h ita
|
| 050 |
|
4 |
|a TJ808
|b .A75 2013
|
| 072 |
|
7 |
|a TEC
|x 009070
|2 bisacsh
|
| 082 |
0 |
4 |
|a 621.042
|2 23
|
| 049 |
|
|
|a MAIN
|
| 100 |
1 |
|
|a Armaroli, Nicola,
|d 1966-
|
| 240 |
1 |
0 |
|a Energia per l'astronave Terra.
|l English
|
| 245 |
1 |
0 |
|a Powering planet Earth :
|b energy solutions for the future /
|c Nicola Armaroli, Vincenzo Balzani, and Nick Serpone.
|
| 264 |
|
1 |
|a Weinheim :
|b Wiley-VCH,
|c [2013]
|
| 264 |
|
4 |
|c ©2013
|
| 300 |
|
|
|a 1 online resource
|
| 336 |
|
|
|a text
|b txt
|2 rdacontent
|
| 337 |
|
|
|a computer
|b c
|2 rdamedia
|
| 338 |
|
|
|a online resource
|b cr
|2 rdacarrier
|
| 505 |
0 |
|
|a What is Energy? -- Yesterday and Today -- How Much Energy Goes to Waste? -- Energy in the Spaceship's Hold -- Collateral Damage -- Energy from the Atom -- Energy from the Sun -- Energy from Air, Water, and Land -- Fukushima and the Future of Nuclear Energy -- Energy Italy -- Energy Canada -- Energy USA -- Energy UK -- Global Trends -- Scenarios for the Future -- Appendices. Appendix A: 17 Myths to be Dispelled -- Appendix B: Maybe You Didn't Know That.
|
| 504 |
|
|
|a Includes bibliographical references and index.
|
| 588 |
0 |
|
|a Title page of PDF version; (Wiley Online Library; viewed on Feb. 4, 2013).
|
| 650 |
|
0 |
|a Renewable energy sources.
|
| 650 |
|
0 |
|a Power resources.
|
| 650 |
|
0 |
|a Energy consumption
|x Environmental aspects.
|
| 650 |
|
0 |
|a Energy development.
|
| 650 |
|
0 |
|a Energy policy.
|
| 650 |
|
7 |
|a TECHNOLOGY & ENGINEERING
|x Mechanical.
|2 bisacsh
|
| 650 |
|
7 |
|a Energy consumption
|x Environmental aspects.
|2 fast
|0 (OCoLC)fst00909997
|
| 650 |
|
7 |
|a Energy development.
|2 fast
|0 (OCoLC)fst00910034
|
| 650 |
|
7 |
|a Energy policy.
|2 fast
|0 (OCoLC)fst00910200
|
| 650 |
|
7 |
|a Power resources.
|2 fast
|0 (OCoLC)fst01074275
|
| 650 |
|
7 |
|a Renewable energy sources.
|2 fast
|0 (OCoLC)fst01094570
|
| 655 |
|
4 |
|a Electronic books.
|
| 700 |
1 |
|
|a Balzani, Vincenzo,
|d 1936-
|
| 700 |
1 |
|
|a Serpone, Nick,
|d 1939-
|
| 776 |
0 |
8 |
|i Print version:
|z 9783527334094
|w (DLC) 2012554588
|
| 856 |
4 |
0 |
|u https://doi.org/10.1002/9783527667390
|z Full Text via HEAL-Link
|
| 994 |
|
|
|a 92
|b DG1
|